| 000 | 01420nam a2200205Ii 4500 | ||
|---|---|---|---|
| 008 | 221202s xx 000 0 und d | ||
| 100 | 1 |
_aStewart, Jamie, _eauthor |
|
| 245 | 2 | _aA Neo Tropical Companion | |
| 264 | 1 |
_aBrooklyn, NY _bpunctum books _c2012 |
|
| 300 | _a1 online resource (162 pages) | ||
| 336 |
_atext _btxt _2rdacontent |
||
| 337 |
_acomputer _bc _2rdamedia |
||
| 338 |
_aonline resource _bcr _2rdacarrier |
||
| 520 | _aA Neo Tropical Companion is the first collection of haikus written by Xiu Xiu singer, Jamie Stewart. This is the first time his haikus, which have been featured in several literary journals and small press releases, will be comprehensively collected. Two thirds of the work will include new poems written for specifically for this book. The title, A Neo Tropical Companion, comes from an antiquated guide book to North East South America that Stewart found molding on the ground in the jungle. The poems, written in the classical Japanese poetry form, concern death, uncertainty, cats, being on weird tours, horrible sex, hating other people, bird watching in Guyana, and growing up in a dim and boxed-in valley. | ||
| 653 | _aAmerican Poetry | ||
| 653 | _aModern Poetry | ||
| 653 | _aPoetry | ||
| 856 |
_uhttps://docs.google.com/spreadsheets/d/1yKIrdCPDAG_9c22mwoOIO2DOhtj65Wqa/edit?usp=sharing&ouid=106555315294820607512&rtpof=true&sd=true _yList of Curated E-Books |
||
| 942 | _cE-BOOK | ||
| 999 |
_c91334 _d91331 |
||